| 000 | 00677nam a2200229 i 4500 | ||
|---|---|---|---|
| 001 | C2-0302603 | ||
| 003 | PPAK | ||
| 005 | 20180728083615.0 | ||
| 008 | 100203s1994 nyu |||| ||||| | eng d | ||
| 020 | _a9780062731319 | ||
| 040 |
_aPPAK _beng _cPPAK _erda |
||
| 082 | 0 | 4 |
_a423.1 _223 |
| 090 | 0 | 0 |
_a423.1 _bCHO _dRLCK |
| 245 | 0 | 0 |
_aChoose the right word _ba contemporary guide to selecting the precise word for every situation |
| 264 | 1 |
_aNew York : _bHarperResource , _c1994 |
|
| 300 |
_axii, 532 pages ; _c23 cm |
||
| 336 |
_2rdacontent _atext |
||
| 337 |
_2rdamedia _aunmediated |
||
| 338 |
_2rdacarrier _avolume |
||
| 700 | 0 |
_aS.I. Hayakawa, _eeditor |
|
| 942 |
_ddc _cB |
||
| 999 |
_c106162 _d106162 |
||